Geography Quiz

Random Geography or City Quiz

Top 20 Cities of Russia on a Map Quiz Stats

 Plays Quiz Updated Dec 18, 2019

Support Sporcle.
Go Orange.
Score 0/20 Timer 08:00
19 Plays Today
% Correct
1. Moscow
99.2%
2. St Petersburg
96.2%
15. Volgograd
61.6%
6. Kazan
47%
8. Omsk
45.9%
3. Novosibirsk
43.3%
4. Ekaterinburg
42.6%
5. Nizhny Novgorod
40.2%
9. Samara
39.8%
13. Perm
38.9%
% Correct
10. Rostov-on-Don
36.9%
11. Ufa
36.9%
7. Chelyabinsk
26.2%
16. Krasnodar
25.6%
17. Saratov
24.6%
12. Krasnoyarsk
22.9%
14. Voronezh
19.6%
19. Tolyatti
16.2%
18. Tumen
15.3%
20. Izhevsk
12.7%

From the Vault

State Capital Locations

by goc3

Geography 10m
Hint: You can basically click anywhere in those small states.
Remove Ads.
Support Sporcle.
Get the best of Sporcle when you Go Orange. This ad-free experience offers more features, more stats, and more fun while also helping to support Sporcle. Thank you for becoming a member.

Show Comments

Extras

Top Quizzes Today


Score Distribution

Your Account Isn't Verified!

In order to create a playlist on Sporcle, you need to verify the email address you used during registration. Go to your Sporcle Settings to finish the process.

Report this User

Report this user for behavior that violates our Community Guidelines.

Details: